[Event "Ann Arbor (HVA/4/9)"]
[Site "?"]
[Date "1992.??.??"]
[Round "?"]
[White "Wong, A."]
[Black "Potter, George"]
[Result "0-1"]
[WhiteElo "1725"]
[BlackElo "1870"]
[PlyCount "51"]
[EventDate "1992.??.??"]

{4/(9)} 1. e4 e5 2. Nf3 Nc6 3. Bb5 d6 4. d4 exd4 5. Nxd4 Bd7 6. Nc3 Be7 7. Be3
Nf6 8. O-O O-O 9. Be2 Ne5 10. h3 a6 11. a4 c5 12. Nb3 Bc6 13. f4 Ng6 14. Bd3 b6
15. Qf3 Qd7 16. Nd2 b5 17. a5 c4 18. Be2 d5 19. exd5 Nxd5 20. Nxd5 Bxd5 21. Qh5
Nh4 22. Nf3 g6 23. Qh6 Nf5 24. Ne5 Qb7 25. Qxf8+ Rxf8 26. Rf2 0-1

[Event "Ann Arbor (HVA/1/14)"]
[Site "?"]
[Date "1992.??.??"]
[Round "?"]
[White "Wong, A."]
[Black "Bolsen, J."]
[Result "1/2-1/2"]
[WhiteElo "1725"]
[BlackElo "1605"]
[PlyCount "68"]
[EventDate "1992.??.??"]

{1/(14)} 1. e4 e6 2. d4 d5 3. Nd2 c5 4. Ngf3 Nc6 5. c3 Qb6 6. Qb3 Qxb3 7. axb3
cxd4 8. exd5 exd5 9. cxd4 Bb4 10. Bb5 Nge7 11. O-O O-O 12. Rd1 a6 13. Be2 Re8
14. Nf1 Bg4 15. h3 Bh5 16. Ng3 Bg6 17. Bd3 Bxd3 18. Rxd3 Ng6 19. Be3 Rec8 20.
Bd2 Rc7 21. Rc1 Rac8 22. Bxb4 Nxb4 23. Rxc7 Rxc7 24. Rc3 Rxc3 25. bxc3 Nd3 26.
Ne2 b5 27. g3 a5 28. Nd2 a4 29. bxa4 bxa4 30. Nb1 Kf8 31. Na3 Ke7 32. c4 dxc4
33. Nxc4 Ke6 34. Nc3 Ne7 1/2-1/2

[Event "Ann Arbor (HVA/3/6)"]
[Site "?"]
[Date "1992.??.??"]
[Round "?"]
[White "Wong, A."]
[Black "Bauerle, Paul"]
[Result "0-1"]
[WhiteElo "1725"]
[BlackElo "1980"]
[PlyCount "44"]
[EventDate "1992.??.??"]

{3/(6)} 1. e4 e6 2. d4 d5 3. Nd2 Nf6 4. Ngf3 dxe4 5. Ng5 Qxd4 6. Qe2 e3 7. f4
exd2+ 8. Bxd2 Qxb2 9. Rc1 Nc6 10. Qc4 Bb4 11. c3 Ba3 12. Rd1 O-O 13. Bd3 Qb6
14. Rb1 Qc5 15. Qb3 Rd8 16. Qc2 h6 17. Nf3 Ng4 18. Rf1 Ne3 19. Bxe3 Qxe3+ 20.
Be2 b6 21. Rb3 Bc5 22. g3 Ba6 0-1

[Event "Detroit (MI Op/2/5)"]
[Site "?"]
[Date "1992.??.??"]
[Round "?"]
[White "Wiseman, M."]
[Black "Vandivier, Don"]
[Result "1-0"]
[WhiteElo "2365"]
[BlackElo "2030"]
[PlyCount "71"]
[EventDate "1992.??.??"]

{2/(5)} 1. e4 c5 2. Nf3 d6 3. d4 cxd4 4. Nxd4 Nf6 5. Nc3 a6 6. f4 Qc7 7. Bd3
Bg4 8. Nf3 Nc6 9. h3 Bxf3 10. Qxf3 Nb4 11. O-O Nxd3 12. cxd3 e6 13. Be3 Qa5 14.
a3 d5 15. Qf2 Rc8 16. e5 Nd7 17. f5 Nxe5 18. fxe6 f6 19. b4 Qd8 20. Bd4 Qd6 21.
Bc5 Nxd3 22. Bxd6 Nxf2 23. Bxf8 Rxf8 24. Nxd5 Nd3 25. Rfd1 Ne5 26. Rac1 Rc6 27.
a4 Rxc1 28. Rxc1 Nc6 29. b5 axb5 30. axb5 Ne7 31. Nb6 f5 32. Nd7 Rh8 33. Rc7
Ng6 34. Nc5 b6 35. Nb7 Rf8 36. Nd6+ 1-0

[Event "Detroit (MI Op/5/1)"]
[Site "?"]
[Date "1992.??.??"]
[Round "?"]
[White "Wiseman, M."]
[Black "Tsemekhman, Vadim"]
[Result "0-1"]
[WhiteElo "2365"]
[BlackElo "2435"]
[PlyCount "100"]
[EventDate "1992.??.??"]

{5/(1)} 1. e4 e6 2. d4 d5 3. Nd2 Nf6 4. e5 Nfd7 5. c3 c5 6. f4 Nc6 7. Ndf3 Qb6
8. Ne2 f6 9. g4 cxd4 10. cxd4 fxe5 11. fxe5 Be7 12. Nf4 Bb4+ 13. Ke2 O-O 14. g5
Be7 15. Bh3 Bxg5 16. Nxg5 Nxd4+ 17. Kf1 Nxe5 18. Qh5 h6 19. Rg1 Qb5+ 20. Kf2
Nd3+ 21. Kg2 Rxf4 22. Kh1 Nf2+ 23. Kg2 Nxh3 24. Nxh3 Rf5 25. Qg6 Rf6 26. Qh5
Qe2+ 27. Qxe2 Nxe2 28. Re1 Nxc1 29. Raxc1 Bd7 30. Rc7 Bc6 31. Re7 Re8 32. Rxe8+
Bxe8 33. Nf2 Bc6 34. Nd3 Kf8 35. Kg3 Ke7 36. h4 Kd6 37. Ne5 Rf5 38. Nd3 e5 39.
b4 d4 40. Nc5 b6 41. Ne4+ Bxe4 42. Rxe4 Kd5 43. Re1 e4 44. Kg4 Rf2 45. Kg3 Rxa2
46. b5 e3 47. h5 Ke4 48. Kg4 d3 49. Rf1 e2 50. Rf4+ Ke3 0-1

[Event "Detroit (MI Op/4/2)"]
[Site "?"]
[Date "1992.??.??"]
[Round "?"]
[White "Wiseman, M."]
[Black "Laren, Philip"]
[Result "1-0"]
[WhiteElo "2365"]
[BlackElo "2215"]
[PlyCount "39"]
[EventDate "1992.??.??"]

{4/(2)} 1. e4 d5 2. exd5 Qxd5 3. Nc3 Qa5 4. d4 Nf6 5. Nf3 Bf5 6. Bc4 e6 7. Bd2
c6 8. Qe2 Bb4 9. a3 Nbd7 10. O-O Bxc3 11. Bxc3 Qc7 12. Ne5 O-O 13. f4 Rad8 14.
Ba2 Nxe5 15. dxe5 Qb6+ 16. Kh1 Bg4 17. Qe1 Nd5 18. Ba5 Qxb2 19. Bxd8 Rxd8 20.
Qh4 1-0

[Event "East Lansing (MI Am/5)"]
[Site "?"]
[Date "1992.??.??"]
[Round "?"]
[White "Wisckol, Richard"]
[Black "Nicolli, Randy"]
[Result "1-0"]
[WhiteElo "1760"]
[BlackElo "1605"]
[PlyCount "79"]
[EventDate "1992.??.??"]

1. c4 f5 2. d4 e6 3. Nc3 Nf6 4. g3 c6 5. Bg2 d5 6. cxd5 exd5 7. Nf3 Bd6 8. Qc2
O-O 9. O-O Be6 10. a3 Nbd7 11. Ng5 Qe7 12. e3 Ne4 13. Nxe6 Qxe6 14. b4 Rf7 15.
Bb2 a6 16. Na4 h5 17. Nc5 Ndxc5 18. bxc5 Be7 19. Qe2 Qh6 20. f3 Nf6 21. Bc3 Nh7
22. e4 Bg5 23. f4 Bd8 24. exd5 cxd5 25. Bxd5 Qg6 26. Qe8+ Nf8 27. Bxf7+ Qxf7
28. Qxf7+ Kxf7 29. Rab1 Rb8 30. c6 b6 31. d5 Bc7 32. Be5 Bxe5 33. fxe5 g6 34.
c7 Rc8 35. Rfc1 b5 36. a4 Ke7 37. axb5 axb5 38. Rxb5 Nd7 39. e6 Nf6 40. Rb8 1-0

[Event "East Lansing (MI Am/1)"]
[Site "?"]
[Date "1992.??.??"]
[Round "?"]
[White "Wisckol, Richard"]
[Black "Golingai, P."]
[Result "1-0"]
[WhiteElo "1760"]
[BlackElo "1605"]
[PlyCount "103"]
[EventDate "1992.??.??"]

1. c4 Nf6 2. Nc3 g6 3. e4 d6 4. d4 Bg7 5. Nf3 O-O 6. Bg5 c5 7. d5 Nbd7 8. h3 h6
9. Be3 Qa5 10. Qd2 g5 11. Bd3 Rb8 12. Nb5 Qxd2+ 13. Bxd2 a6 14. Nc3 b5 15. cxb5
axb5 16. O-O b4 17. Na4 Nb6 18. Nxb6 Rxb6 19. a3 bxa3 20. bxa3 Ba6 21. Bxa6
Rxa6 22. Bc3 Rfa8 23. Nd2 Rxa3 24. Rfc1 Rxa1 25. Rxa1 Rxa1+ 26. Bxa1 Nd7 27.
Bxg7 Kxg7 28. Nc4 Kf6 29. Kf1 Ne5 30. Ne3 e6 31. Ke2 exd5 32. Nxd5+ Ke6 33.
Nc7+ Kd7 34. Nd5 Kc6 35. Ne7+ Kb5 36. Nf5 Kb4 37. Nxd6 Kc3 38. g3 c4 39. Nf5
Kb2 40. Ne3 c3 41. f4 gxf4 42. gxf4 Nc6 43. e5 Nd4+ 44. Kd3 c2 45. Nxc2 Nxc2
46. f5 Ne1+ 47. Ke4 Kc3 48. e6 fxe6 49. fxe6 Nd3 50. e7 Nc5+ 51. Kf5 Nb7 52.
Ke5 1-0

[Event "East Lansing (MI Am/3)"]
[Site "?"]
[Date "1992.??.??"]
[Round "?"]
[White "Wisckol, Richard"]
[Black "Garrison, Ray"]
[Result "1-0"]
[WhiteElo "1760"]
[BlackElo "1935"]
[PlyCount "77"]
[EventDate "1992.??.??"]

1. c4 f5 2. Nc3 Nf6 3. g3 g6 4. Bg2 Bg7 5. d4 O-O 6. Nf3 d6 7. Qb3 h6 8. Nh4 g5
9. Ng6 Rf7 10. c5 e6 11. h4 Nh7 12. e3 c6 13. cxd6 Qxd6 14. Bd2 e5 15. Nxe5
Bxe5 16. dxe5 Qxe5 17. Ne2 Be6 18. Qc3 Nd7 19. hxg5 hxg5 20. Rh6 Qxc3 21. Bxc3
Bc4 22. b3 Ba6 23. Rd1 Ndf6 24. Nd4 Nf8 25. Nxf5 N6h7 26. Be4 Nd7 27. Rhd6 Ndf6
28. Bc2 Rff8 29. Ne7+ Kf7 30. Ng6 Rfe8 31. Ne5+ Kg8 32. Bxh7+ Nxh7 33. Rg6+ Kf8
34. Nd7+ Kf7 35. Rg7+ Ke6 36. Rxh7 Kf5 37. Rd4 Rac8 38. Rh6 Re4 39. Rf6+ 1-0

[Event "Detroit (MOR/6/54)"]
[Site "?"]
[Date "1992.??.??"]
[Round "?"]
[White "Wisckol, Richard"]
[Black "Falkowski, Kenneth"]
[Result "1-0"]
[WhiteElo "1790"]
[BlackElo "1700"]
[PlyCount "101"]
[EventDate "1992.??.??"]

{6/(54)} 1. c4 Nf6 2. Nc3 e6 3. d4 g6 4. e4 d6 5. Bg5 Bg7 6. e5 dxe5 7. dxe5
Qxd1+ 8. Rxd1 Nfd7 9. f4 a6 10. Nf3 O-O 11. Be2 f6 12. exf6 Nxf6 13. Ne5 Nfd7
14. Nxd7 Bxd7 15. O-O Bc6 16. Bg4 Re8 17. Rd8 Nd7 18. Rxa8 Rxa8 19. Bxe6+ Kh8
20. Rd1 Nc5 21. Bd5 Bxd5 22. cxd5 Re8 23. Kf2 h6 24. Bh4 b5 25. b4 Ne4+ 26.
Nxe4 Rxe4 27. Kf3 Rxb4 28. d6 cxd6 29. Rxd6 g5 30. Bg3 Ra4 31. fxg5 hxg5 32.
Rd2 Rc4 33. Bd6 Rd4 34. Rxd4 Bxd4 35. Be7 a5 36. Bxg5 Bc3 37. Ke2 b4 38. Kd3
Kg7 39. Bd2 Be5 40. h3 Kg6 41. g4 Bf6 42. Kc2 Bd8 43. Kb3 Kf6 44. a3 bxa3 45.
Kxa3 Ke5 46. Ka4 Ke4 47. Bxa5 Bh4 48. Bd2 Kf3 49. g5 Bxg5 50. Bxg5 Kg3 51. h4
1-0

[Event "Detroit (MOR/4/60)"]
[Site "?"]
[Date "1992.??.??"]
[Round "?"]
[White "Wisckol, Richard"]
[Black "Evans, D."]
[Result "1-0"]
[WhiteElo "1790"]
[BlackElo "1605"]
[PlyCount "27"]
[EventDate "1992.??.??"]

{4/(60)} 1. c4 Nf6 2. Nc3 d5 3. cxd5 Nxd5 4. e4 Nxc3 5. bxc3 c5 6. Nf3 Bg4 7.
Bc4 e6 8. Rb1 Qc7 9. Qb3 b6 10. Qa4+ Nc6 11. Bb5 Rc8 12. Bxc6+ Qxc6 13. Qxc6+
Rxc6 14. Ne5 1-0

[Event "Detroit (MOR/2/52)"]
[Site "?"]
[Date "1992.??.??"]
[Round "?"]
[White "Wisckol, Richard"]
[Black "Choyke, J."]
[Result "1-0"]
[WhiteElo "1790"]
[BlackElo "1615"]
[PlyCount "53"]
[EventDate "1992.??.??"]

{2/(52)} 1. c4 Nf6 2. Nc3 e6 3. d4 Bb4 4. Nf3 c5 5. Qc2 cxd4 6. Nxd4 Nc6 7. e3
O-O 8. Bd2 a6 9. Bd3 Qc7 10. Nf3 h6 11. O-O Ne5 12. Nxe5 Qxe5 13. f4 Qc7 14.
Ne4 Nxe4 15. Bxb4 Nc5 16. f5 f6 17. Rf3 Re8 18. fxe6 dxe6 19. Bg6 Rd8 20. Rd1
b6 21. Bc3 Rxd1+ 22. Qxd1 e5 23. Qd5+ Ne6 24. Qxa8 Nf8 25. Be4 Kh8 26. Qc6 Qb8
27. Qe8 1-0

[Event "East Lansing (MI Am/5)"]
[Site "?"]
[Date "1992.??.??"]
[Round "?"]
[White "Winkelspecht, A."]
[Black "Stockton, T."]
[Result "0-1"]
[WhiteElo "1605"]
[BlackElo "1605"]
[PlyCount "92"]
[EventDate "1992.??.??"]

1. d4 Nf6 2. e3 d5 3. Bd3 g6 4. Nf3 Bg7 5. O-O e6 6. c3 Nbd7 7. Nbd2 c5 8. e4
cxd4 9. Nxd4 Nc5 10. Bb5+ Bd7 11. exd5 Bxb5 12. Nxb5 Nxd5 13. Nc4 O-O 14. Be3
Nxe3 15. Qxd8 Rfxd8 16. Nxe3 Rd7 17. Rad1 a6 18. Rxd7 Nxd7 19. Nd6 Bf8 20. Rd1
Nc5 21. Nec4 Rd8 22. b4 Ne4 23. f3 Nxd6 24. Rd4 b5 25. Na5 Rc8 26. Rd3 Nc4 27.
Nxc4 Rxc4 28. Kf2 f5 29. Ke3 Bh6+ 30. f4 Bxf4+ 31. Kf3 e5 32. Ke2 Kf7 33. g3
Bg5 34. h4 Bf6 35. Kd2 Ke6 36. Kc2 e4 37. Re3 Bxc3 38. Rxc3 Kd5 39. Kb3 Rxc3+
40. Kxc3 h6 41. a3 h5 42. Kd2 Kd4 43. Ke2 Kc3 44. Ke3 Kb3 45. Kf4 Kxa3 46. g4
Kxb4 0-1

[Event "East Lansing (MI Am/1)"]
[Site "?"]
[Date "1992.??.??"]
[Round "?"]
[White "Winkelspecht, A."]
[Black "Garrison, Ray"]
[Result "0-1"]
[WhiteElo "1605"]
[BlackElo "1935"]
[PlyCount "48"]
[EventDate "1992.??.??"]

1. d4 f5 2. e3 Nf6 3. Bd3 g6 4. Nf3 Bg7 5. O-O O-O 6. c3 d6 7. Nbd2 Nc6 8. e4
f4 9. Bc4+ e6 10. d5 Na5 11. Qa4 Nxc4 12. Qxc4 e5 13. Ng5 h6 14. Ne6 Bxe6 15.
dxe6 Qe7 16. Nf3 Rfe8 17. Nh4 Kh7 18. g3 Nh5 19. g4 Qxh4 20. gxh5 gxh5 21. Qxc7
Rxe6 22. Qxb7 Qg4+ 23. Kh1 Qf3+ 24. Kg1 Rg6# 0-1

[Event "East Lansing (MI Am/3)"]
[Site "?"]
[Date "1992.??.??"]
[Round "?"]
[White "Winkelspecht, A."]
[Black "Anderson, Jonathan"]
[Result "1-0"]
[WhiteElo "1605"]
[BlackElo "1605"]
[PlyCount "85"]
[EventDate "1992.??.??"]

1. d4 Nf6 2. e3 e6 3. c3 Nc6 4. Bd3 d5 5. Nf3 Bd6 6. O-O O-O 7. Nbd2 e5 8. dxe5
Nxe5 9. Nxe5 Bxe5 10. Nf3 Bd6 11. c4 Re8 12. cxd5 Nxd5 13. g3 Bb4 14. a3 Ba5
15. e4 Nf6 16. b4 Bb6 17. e5 Ng4 18. Qe2 Nxf2 19. Rxf2 Bxf2+ 20. Kxf2 Bg4 21.
Qe4 g6 22. Bc4 Bxf3 23. Kxf3 Kg7 24. Qxb7 Rxe5 25. Bb2 Qf6+ 26. Kg2 Re2+ 27.
Bxe2 Qxb2 28. Qxa8 Qxa1 29. Qxa7 Qb2 30. Qa6 Qf6 31. Qxf6+ Kxf6 32. a4 Ke6 33.
a5 Kd7 34. Kf3 Kc6 35. Ke4 Kb7 36. Kd5 c6+ 37. Kd6 f5 38. Bf3 Ka6 39. Bxc6 Ka7
40. b5 g5 41. b6+ Kb8 42. Kd7 h5 43. a6 1-0

[Event "Detroit (MI Op/6/9)"]
[Site "?"]
[Date "1992.??.??"]
[Round "?"]
[White "Wilson, Vester"]
[Black "Ward, Tom"]
[Result "0-1"]
[WhiteElo "2055"]
[BlackElo "2155"]
[PlyCount "80"]
[EventDate "1992.??.??"]

{6/(9)} 1. e4 c5 2. Nf3 d6 3. d4 cxd4 4. Nxd4 Nf6 5. Nc3 a6 6. f3 e6 7. Be3 Qc7
8. Qd2 Be7 9. O-O-O Nbd7 10. g4 Ne5 11. h4 Nc4 12. Bxc4 Qxc4 13. h5 h6 14. Nb3
Bd7 15. g5 hxg5 16. Bxg5 O-O-O 17. Qg2 Qc7 18. Rh4 Kb8 19. Rdh1 Rdg8 20. Qd2
Bc6 21. Nd4 Be8 22. f4 b5 23. a3 Qb7 24. Qd3 Bc6 25. Re1 Rc8 26. Qe2 Qb6 27.
Nb3 a5 28. e5 b4 29. axb4 axb4 30. Na2 Be4 31. Na1 b3 32. Rh3 Bxc2 33. Nc3 Bf5
34. Bxf6 gxf6 35. Rg3 fxe5 36. fxe5 Bh4 37. Reg1 Bxg3 38. Rxg3 Rcg8 39. Qh2
Rxg3 40. Qxg3 d5 0-1

[Event "Detroit (MI Op/4/18)"]
[Site "?"]
[Date "1992.??.??"]
[Round "?"]
[White "Wilson, Vester"]
[Black "Vemuri, Rav"]
[Result "1-0"]
[WhiteElo "2055"]
[BlackElo "1845"]
[PlyCount "115"]
[EventDate "1992.??.??"]

{4/(18)} 1. e4 c5 2. Nf3 Nc6 3. d4 cxd4 4. Nxd4 d6 5. Nc3 Nf6 6. f3 g6 7. Be3
Bg7 8. Qd2 O-O 9. O-O-O Re8 10. g4 a6 11. h4 Ne5 12. a4 Qc7 13. h5 Nc4 14. Bxc4
Qxc4 15. Nb3 b5 16. g5 Nd7 17. hxg6 fxg6 18. Qd5+ Qxd5 19. Nxd5 Rb8 20. axb5
axb5 21. f4 Bb7 22. Rh4 Rbc8 23. Bd4 e6 24. Bxg7 exd5 25. Bc3 Rxe4 26. Nd4 Ba6
27. Bb4 Rc4 28. c3 Nc5 29. Kc2 Ne6 30. Nxe6 Rxe6 31. Rxd5 Rc6 32. Rh2 Re4 33.
Rxd6 Rxd6 34. Bxd6 Bc8 35. Kd2 Bf5 36. Rh1 Re8 37. Ra1 Rd8 38. Ra6 Be6 39. Ke3
Bc4 40. Kd4 Kf7 41. Kc5 Rc8+ 42. Kb4 Kg8 43. b3 Bd3 44. Ra7 Bf1 45. Be5 Re8 46.
Rg7+ Kf8 47. Rxh7 Bd3 48. Rb7 Rc8 49. Rxb5 Bxb5 50. Kxb5 Ke7 51. c4 Kd7 52. c5
Re8 53. c6+ Kc8 54. Kc5 Re7 55. b4 Rf7 56. b5 Re7 57. b6 Re8 58. b7+ 1-0

[Event "Detroit (MI Op/2/34)"]
[Site "?"]
[Date "1992.??.??"]
[Round "?"]
[White "Wilson, Vester"]
[Black "Grossman, Jay"]
[Result "1-0"]
[WhiteElo "2055"]
[BlackElo "1850"]
[PlyCount "59"]
[EventDate "1992.??.??"]

{2/(34)} 1. e4 c5 2. Nf3 d6 3. d4 cxd4 4. Nxd4 Nf6 5. Nc3 a6 6. f3 b5 7. a3 Bb7
8. Be3 Nbd7 9. Qd2 e6 10. O-O-O Be7 11. g4 Nc5 12. Qf2 Qa5 13. Bd2 Qc7 14. h4
Nfd7 15. g5 Nb6 16. h5 O-O-O 17. Be3 d5 18. Ndxb5 axb5 19. Nxb5 Qd7 20. Bxc5
Na8 21. Kb1 Bc6 22. Nc3 Nc7 23. f4 f6 24. h6 g6 25. Qe3 fxg5 26. fxg5 Qe8 27.
exd5 Bxc5 28. Qxc5 exd5 29. Bh3+ Kb8 30. Rhe1 1-0

[Event "Detroit (MI Op/1b/18)"]
[Site "?"]
[Date "1992.??.??"]
[Round "?"]
[White "Williams, Ron"]
[Black "Weaver, D."]
[Result "1-0"]
[WhiteElo "1895"]
[BlackElo "1605"]
[PlyCount "60"]
[EventDate "1992.??.??"]

1. Nf3 d6 2. g3 Nf6 3. Bg2 Nbd7 4. d3 e6 5. e4 Be7 6. O-O O-O 7. Nbd2 Re8 8.
Re1 e5 9. Nf1 Nf8 10. Ne3 c6 11. h3 Qb6 12. Qe2 Ng6 13. Nc4 Qc7 14. a4 Be6 15.
Nfd2 Qd7 16. Kh2 h5 17. Rf1 h4 18. Ne3 hxg3+ 19. fxg3 Kh7 20. Nf3 Rh8 21. Ng5+
Kg8 22. Nxe6 Qxe6 23. c4 Rh5 24. Rxf6 Qxf6 25. Qxh5 Qf2 26. Nf5 Bf6 27. Bg5
Bxg5 28. Qxg5 Qxb2 29. Rf1 Re8 30. h4 f6 1-0

[Event "Flint (Class A/5)"]
[Site "?"]
[Date "1992.??.??"]
[Round "?"]
[White "Williams, Ron"]
[Black "Skidmore, Mike"]
[Result "0-1"]
[WhiteElo "1860"]
[BlackElo "1900"]
[PlyCount "100"]
[EventDate "1992.??.??"]

1. d4 d5 2. Nf3 Nf6 3. c4 e6 4. Nc3 Bb4 5. Bd2 dxc4 6. e3 Bxc3 7. Bxc3 b5 8. a4
c6 9. b3 Nd5 10. Qc2 b4 11. Bxb4 Nxb4 12. Qxc4 Qa5 13. O-O-O Ba6 14. Qc5 Qxc5+
15. dxc5 Bxf1 16. Rhxf1 O-O 17. Kb2 N8a6 18. Ka3 Nd5 19. Ne5 Rfc8 20. Rc1 f6
21. Nc4 Rd8 22. Nd6 Nxc5 23. Rxc5 Rxd6 24. Rfc1 Ne7 25. R1c2 Rb8 26. e4 Rd3 27.
R5c3 Rxc3 28. Rxc3 e5 29. Kb2 Rb4 30. f3 Rd4 31. Kc2 Kf8 32. Rc5 Ke8 33. g4 Kd7
34. h4 Kc7 35. h5 Kb6 36. Rc3 c5 37. Kc1 Nc6 38. Kc2 a5 39. Kc1 Nb4 40. Re3 Rd3
41. Rxd3 Nxd3+ 42. Kd2 Nb4 43. Kc3 Nc6 44. Kc4 Nd4 45. Kd5 Nxb3 46. Ke6 c4 47.
Kf7 c3 48. Kxg7 c2 49. Kxh7 c1=Q 50. Kg7 Qg5+ 0-1

[Event "Detroit (MI Op/6/21)"]
[Site "?"]
[Date "1992.??.??"]
[Round "?"]
[White "Williams, Ron"]
[Black "Martin, K."]
[Result "0-1"]
[WhiteElo "1895"]
[BlackElo "2055"]
[PlyCount "149"]
[EventDate "1992.??.??"]

{6/(21)} 1. Nf3 f5 2. d4 Nf6 3. Bg5 g6 4. Bxf6 exf6 5. e3 d5 6. Nbd2 Be6 7. Bd3
Bd6 8. O-O c6 9. c3 Nd7 10. Qc2 Qc7 11. Rfe1 Kf7 12. g3 c5 13. Rac1 h5 14. Nh4
c4 15. Bf1 b5 16. f4 a5 17. a3 Ra7 18. Bh3 Nb6 19. Ndf3 Qd7 20. Bg2 Rg8 21. Bh3
b4 22. Ra1 b3 23. Qb1 Be7 24. Kh1 Nc8 25. Nxg6 Rxg6 26. Nh4 Nd6 27. Nxg6 Kxg6
28. Bg2 Ne4 29. Re2 Ra8 30. Qf1 Rh8 31. Bxe4 fxe4 32. h4 Bh3 33. Qg1 Bg4 34.
Rf2 Rg8 35. Raf1 Bf5 36. Qh2 Kf7 37. Qg1 Bh3 38. Re1 Bf5 39. Kh2 Bg4 40. Ra1
Qf5 41. Qg2 Qg6 42. Raf1 Bf5 43. Rg1 Qg4 44. Rgf1 Ke6 45. Rg1 Kd7 46. Rgf1 Kc6
47. Rg1 Qg7 48. Rgf1 a4 49. Qg1 Qg4 50. Qg2 Bd7 51. Rg1 Bf5 52. Rgf1 Qg7 53.
Qg1 Qf8 54. Ra1 Bd7 55. Qg2 Rg4 56. Rh1 Kb5 57. Rd2 Qd8 58. Kg1 Qf8 59. Kf2
Bxa3 60. bxa3 Qxa3 61. Rb1 Qd6 62. Qf1 Kc6 63. Qd1 Qb8 64. Qc1 Qf8 65. Ra1 Kc7
66. Qb2 Rg8 67. Rdd1 Qg7 68. Rg1 Qg4 69. Ke1 Qf3 70. Qf2 b2 71. Rb1 a3 72. Qxf3
exf3 73. Kf2 Rb8 74. e4 dxe4 75. Ke3 0-1

[Event "Detroit (MI Op/4/22)"]
[Site "?"]
[Date "1992.??.??"]
[Round "?"]
[White "Williams, Ron"]
[Black "Lehotzky, Attila"]
[Result "0-1"]
[WhiteElo "1895"]
[BlackElo "2060"]
[PlyCount "94"]
[EventDate "1992.??.??"]

{4/(22)} 1. Nf3 Nf6 2. g3 g6 3. Bg2 Bg7 4. O-O d5 5. d3 O-O 6. Nbd2 Bg4 7. h3
Bc8 8. c3 c6 9. Qe1 Nbd7 10. e4 dxe4 11. dxe4 Nc5 12. Qe3 Nd3 13. Nd4 Nxc1 14.
Raxc1 e5 15. N4f3 Nh5 16. Rfd1 Qc7 17. Nf1 Be6 18. b3 a5 19. Ng5 Bc8 20. Nf3 h6
21. c4 Be6 22. Nh4 Rad8 23. Kh2 Kh7 24. Bf3 Nf6 25. g4 Ng8 26. Ng3 Bf6 27. Ng2
Bg5 28. Qe2 Bxc1 29. Rxc1 Rd4 30. h4 Rfd8 31. Rc2 Qd7 32. Nf1 Nf6 33. g5 hxg5
34. hxg5 Ng4+ 35. Kg3 f5 36. Nge3 Nxe3 37. fxe3 f4+ 38. exf4 exf4+ 39. Kg2 Bh3+
40. Kg1 Bxf1 41. Qxf1 Kg7 42. Qa1 Qh3 43. Qc3 Kf7 44. Kf2 Qg3+ 45. Ke2 Qxg5 46.
c5 Qg1 47. Rc1 Rd2+ 0-1

[Event "Flint (Class A/1)"]
[Site "?"]
[Date "1992.??.??"]
[Round "?"]
[White "Williams, Ron"]
[Black "Gipson, John"]
[Result "0-1"]
[WhiteElo "1860"]
[BlackElo "1960"]
[PlyCount "78"]
[EventDate "1992.??.??"]

1. d4 d5 2. Nf3 Nf6 3. Bg5 Nbd7 4. e3 e6 5. Bd3 Be7 6. O-O O-O 7. Nbd2 Re8 8.
Rc1 c5 9. c4 b6 10. dxc5 Nxc5 11. Bb1 Bb7 12. Ne5 Nfe4 13. Bxe7 Rxe7 14. Nxe4
dxe4 15. Qh5 f6 16. Ng4 Qf8 17. f4 Rd7 18. Nf2 Rd2 19. b3 Rad8 20. Qh3 f5 21.
Rcd1 Qf6 22. Qh5 g6 23. Qh6 Qc3 24. Qg5 Rxd1 25. Nxd1 Qd2 26. b4 Na4 27. Qf6
Re8 28. Qe5 Qxb4 29. Bc2 Nc5 30. Nb2 Qd2 31. Rd1 Qxc2 32. Rd6 Qe2 33. h3 Nd3
34. Qf6 Ne1 35. Qg5 Qxb2 36. Rd8 Bc6 37. h4 Qxa2 38. h5 Qxg2+ 39. Qxg2 Nxg2 0-1

[Event "Flint (Class A/4)"]
[Site "?"]
[Date "1992.??.??"]
[Round "?"]
[White "Williams, Ron"]
[Black "Decker, Dale"]
[Result "1-0"]
[WhiteElo "1860"]
[BlackElo "1825"]
[PlyCount "63"]
[EventDate "1992.??.??"]

1. d4 g6 2. e4 Bg7 3. f4 d6 4. c3 f5 5. e5 dxe5 6. fxe5 Be6 7. Nf3 Nh6 8. h4
Qd5 9. Nbd2 f4 10. Bc4 Qd7 11. Bxe6 Qxe6 12. Ng5 Qg4 13. Qxg4 Nxg4 14. Ndf3 O-O
15. Ne6 Na6 16. Nxf8 Rxf8 17. O-O c5 18. Bd2 cxd4 19. cxd4 Nc7 20. Rac1 Nd5 21.
Ng5 h6 22. Ne6 Rf5 23. Rc5 Nge3 24. Bxe3 Nxe3 25. Rxf4 g5 26. Rxf5 Nxf5 27.
hxg5 hxg5 28. g4 Ne3 29. Nxg5 Bh6 30. Nf3 Nxg4 31. Rc7 Kf7 32. Rxb7 1-0

[Event "Detroit (MOR/7/67)"]
[Site "?"]
[Date "1992.??.??"]
[Round "?"]
[White "Williams, Duane"]
[Black "Pratto, R."]
[Result "1-0"]
[WhiteElo "1635"]
[BlackElo "1605"]
[PlyCount "75"]
[EventDate "1992.??.??"]

{7/(67)} 1. e4 c5 2. Nf3 d6 3. d4 cxd4 4. Nxd4 Nf6 5. Nc3 Bd7 6. Bc4 e6 7. Ndb5
Bxb5 8. Bxb5+ Nbd7 9. Bg5 Be7 10. Bxf6 Bxf6 11. Qxd6 Be7 12. Qxd7+ Qxd7 13.
Bxd7+ Kxd7 14. Rd1+ Kc6 15. O-O Rad8 16. h3 Rxd1 17. Rxd1 Rd8 18. Rxd8 Bxd8 19.
Kf1 Bf6 20. Nd1 Bd4 21. Ke2 f6 22. Kd3 Bc5 23. g4 g5 24. f3 e5 25. Nc3 Be7 26.
Nd5 Bd8 27. c4 a6 28. b4 b6 29. a4 a5 30. Kc3 Kd6 31. Ne3 Kc6 32. Nf5 Kd7 33.
bxa5 bxa5 34. c5 Kc6 35. Kc4 Kd7 36. Kb5 Bc7 37. Ne3 Kc8 38. Nc4 1-0

[Event "Detroit (MOR/2/76)"]
[Site "?"]
[Date "1992.??.??"]
[Round "?"]
[White "Williams, Duane"]
[Black "Papanichola, D."]
[Result "1-0"]
[WhiteElo "1635"]
[BlackElo "1605"]
[PlyCount "101"]
[EventDate "1992.??.??"]

{2/(76)} 1. e4 d5 2. exd5 Qxd5 3. Nc3 Qa5 4. Bc4 Nf6 5. d3 e5 6. Nf3 Bb4 7. Bd2
c6 8. Qe2 Bg4 9. Qxe5+ Qxe5+ 10. Nxe5 O-O 11. Nxg4 Nxg4 12. O-O Nd7 13. h3 Nge5
14. Bb3 Nc5 15. Rfe1 Nxb3 16. axb3 Rfe8 17. Re4 Bxc3 18. Bxc3 Nd7 19. Rae1 Rxe4
20. Rxe4 f6 21. d4 b6 22. Re6 Rc8 23. Re7 Rd8 24. Bb4 a5 25. Bc3 Kf8 26. Re4
Kf7 27. g4 Nf8 28. f4 Rd5 29. Kf2 Ne6 30. Ke2 h5 31. Ke3 hxg4 32. hxg4 f5 33.
Re5 fxg4 34. Rxd5 cxd5 35. f5 Nc7 36. Kf4 g3 37. Kxg3 Kf6 38. Kf4 Ne8 39. Be1
Nd6 40. Bh4+ Kf7 41. Ke5 Nc8 42. Kxd5 Ne7+ 43. Bxe7 Kxe7 44. Ke5 Kd7 45. d5 Ke7
46. c3 Kd7 47. b4 axb4 48. cxb4 Ke7 49. d6+ Kd7 50. b5 Ke8 51. Ke6 1-0

[Event "Detroit (MOR/4/51)"]
[Site "?"]
[Date "1992.??.??"]
[Round "?"]
[White "Williams, Duane"]
[Black "Morrow, Chris"]
[Result "1-0"]
[WhiteElo "1635"]
[BlackElo "1765"]
[PlyCount "85"]
[EventDate "1992.??.??"]

{4/(51)} 1. e4 Nc6 2. d4 d5 3. e5 Bf5 4. c3 e6 5. Bd3 Nge7 6. Ne2 Bxd3 7. Qxd3
Nf5 8. Ng3 Qd7 9. Nd2 Nce7 10. Ndf1 Nh4 11. Ne3 Neg6 12. O-O Nf4 13. Qd1 h5 14.
Ne2 g5 15. Nxf4 gxf4 16. Nc2 Ng6 17. Qf3 Be7 18. Bxf4 Nxf4 19. Qxf4 h4 20. Ne3
Rg8 21. h3 Bg5 22. Qf3 O-O-O 23. Ng4 Rg6 24. Qd3 Rdg8 25. f4 f5 26. exf6 Bxf6
27. f5 exf5 28. Qxf5 Bh8 29. Qxd7+ Kxd7 30. Rf7+ Kd6 31. Raf1 Re6 32. Kf2 Rge8
33. Kf3 Re2 34. Rf2 Rxf2+ 35. Kxf2 Re7 36. Rxe7 Kxe7 37. Kf3 Bf6 38. Nxf6 Kxf6
39. Kg4 b6 40. Kxh4 Kf5 41. g4+ Kg6 42. Kg3 a5 43. Kf4 1-0

[Event "Detroit (MOR/5/51)"]
[Site "?"]
[Date "1992.??.??"]
[Round "?"]
[White "Williams, Duane"]
[Black "Fleming, William"]
[Result "0-1"]
[WhiteElo "1635"]
[BlackElo "1705"]
[PlyCount "114"]
[EventDate "1992.??.??"]

{5/(51)} 1. e4 e5 2. Nf3 Nc6 3. Bb5 a6 4. Ba4 Nf6 5. O-O Be7 6. Re1 b5 7. Bb3
d6 8. h3 O-O 9. c3 Bb7 10. Bc2 Re8 11. d4 exd4 12. cxd4 Nb4 13. Nbd2 Nxc2 14.
Qxc2 Bf8 15. e5 dxe5 16. dxe5 Nd5 17. Ne4 Nb4 18. Qb3 Qd3 19. Qxd3 Nxd3 20. Re3
Nxe5 21. Nxe5 Rxe5 22. Nc3 Rxe3 23. Bxe3 Bd6 24. Rd1 Re8 25. Kf1 h6 26. Nd5
Bxd5 27. Rxd5 Re5 28. Rd3 Kf8 29. Bf4 Re6 30. Bxd6+ Rxd6 31. Rc3 c6 32. b4 Ke7
33. a3 Kd7 34. Ke2 f5 35. Rd3 Rd5 36. Ke3 Kd6 37. g4 f4+ 38. Ke4 Rxd3 39. Kxd3
Kd5 40. f3 g5 41. Kc3 c5 42. bxc5 Kxc5 43. Kd3 Kd5 44. Kc3 a5 45. Kd3 b4 46. a4
Kc5 47. Kc2 Kc4 48. Kb2 b3 49. Kb1 Kb4 50. Kb2 Kxa4 51. Kb1 Kb4 52. Kb2 a4 53.
Kb1 Kc3 54. Ka1 a3 55. Kb1 a2+ 56. Ka1 b2+ 57. Kxa2 Kc2 0-1